| 000 | 00820 a2200241 4500 | ||
|---|---|---|---|
| 999 |
_c11018 _d11018 |
||
| 020 | _a9780123741769 | ||
| 050 |
_aQP360.5 _bNEU 2OO9 |
||
| 100 |
_aGlimcher, Paul W. [et al.] _eeditor |
||
| 245 |
_aNeuroeconomics : decision making and the brain / _c edited by Paul W. Glimcher ... [et al.] |
||
| 264 |
_aLondon : _bAcademic Press, _c2009 |
||
| 300 |
_axiii, 538pages: _bIllustrations coloured |
||
| 336 |
_2rdacontent _atext _btxt |
||
| 337 |
_2rdamediated _aunmediated _bn |
||
| 338 |
_2rdacarrier _avolume _bnc |
||
| 504 | _aIncludes bibliographical references and index | ||
| 650 | _aNeuroeconomics | ||
| 650 | _aEconomic man | ||
| 650 | _aDecision making | ||
| 700 |
_aColin F. Camera _eeditor |
||
| 700 |
_aErnst Fehr _eeditor |
||
| 700 |
_aRussell A Poldrack _eeditor |
||
| 942 |
_2lcc _cBK _h360.5 _iNEU _kQP |
||